| 000 | 00412nam a2200169Ia 4500 | ||
|---|---|---|---|
| 003 | GCL | ||
| 008 | 140319s9999 xx 000 0 eng d | ||
| 040 |
_aGCL / _cGCL |
||
| 082 | 0 | 4 |
_a746.92 _bR V |
| 100 | 1 | _aRUBY, JENNIFER | |
| 245 | 1 | 0 |
_aTHE VICTORIANS / _cRUBY, JENNIFER |
| 260 |
_a[S.N] : _bB.T.BATSFORD LTD ، _c1993 |
||
| 300 | _a64 | ||
| 650 | 0 | 4 | _aCOSTUMES |
| 650 | 0 | 4 | _aVICTORIAN AGE |
| 942 |
_2ddc _cBK |
||
| 999 |
_c25201 _d25201 |
||